LEADER 00963nam a2200265 i 4500 001 991002628659707536 005 20020503171446.0 008 951113s1990 uk ||| | eng 020 $a1852782099 035 $ab10392191-39ule_inst 035 $aEXGIL107207$9ExL 040 $aBiblioteca Interfacoltà$bita 100 1 $aCasson, Mark <1945- >$088849 245 10$aEntrepreneurship /$cedited by Mark Casson 260 $aAldershot ; Brookfield :$bElgar,$cc1990 300 $axxi, 612 p. ;$c25 cm. 440 4$aThe international library of critical writings in economics 440 3$aAn Elgar reference collection ;$v3 650 4$aImprenditori 907 $a.b10392191$b02-04-14$c27-06-02 912 $a991002628659707536 945 $aLE002 Dir. VIII D 3$g1$i2002000484918$lle002$o-$pE0.00$q-$rl$s- $t0$u0$v0$w0$x0$y.i1045830x$z27-06-02 996 $aEntrepreneurship$9220353 997 $aUNISALENTO 998 $ale002$b01-01-95$cm$da $e-$feng$guk $h0$i1 LEADER 01859nas 2200541-a 450 001 9910893068503321 005 20260218110104.0 011 $a2261-1010 035 $a(CKB)991042728892024 035 $a(CONSER)---84647483- 035 $a(DE-599)ZDB2947458-9 035 $a(DE-599)2947458-9 035 $a(EXLCZ)99991042728892024 100 $a19841022b19842004 --- b 101 0 $afre 181 $ctxt$2rdacontent 182 $cc$2rdamedia 183 $acr$2rdacarrier 200 00$aAutres temps 210 $a[Paris] $c[Mouvement du christianisme social]$d1984- 215 $a1 online resource 300 $a"Les Cahiers du christianisme social." 300 $aTitle from cover. 311 08$aPrint version: Autres temps. 0753-2776 (DLC) 84647483 (OCoLC)11293168 606 $aEsglésia i problemes socials$vRevistes$2lemac 606 $aSociologia cristiana$vRevistes$2lemac 606 $aChristian sociology$vPeriodicals 606 $aChurch and social problems$vPeriodicals 606 $aSociologie religieuse$xChristianisme$vPériodiques 606 $aÉglise et problèmes sociaux$vPériodiques 606 $aChristian sociology$2fast$3(OCoLC)fst00859530 606 $aChurch and social problems$2fast$3(OCoLC)fst00860491 608 $aPeriodicals.$2fast 615 7$aEsglésia i problemes socials 615 7$aSociologia cristiana 615 0$aChristian sociology 615 0$aChurch and social problems 615 6$aSociologie religieuse$xChristianisme 615 6$aÉglise et problèmes sociaux 615 7$aChristian sociology. 615 7$aChurch and social problems. 676 $a261.8/05 712 02$aMouvement du christianisme social (France) 906 $aJOURNAL 912 $a9910893068503321 920 $aexl_impl conversion 996 $aAutres temps$9976544 997 $aUNINA